000 01278nam a2200229 a 4500
001 000047696
005 20201002060702.0
008 180720s2010 dr ad 001 m spa d
040 _aDO-SdBNP
_bspa
_cBNPHU
082 _axxx
_bR426b
110 2 _aRepública Dominicana.
_bMinisterio de Estado de Educación Superior Ciencia y Tecnología
_975302
245 1 0 _aDiagnóstico general para la formación docente 2010 /
_crevisión Ligia Amada Melo de Cardona.
246 1 0 _aDocumentos : plan reformulación de la formación docente.
260 _aSanto Domingo :
_bMinisterio de Educación Superior, Ciencia y Tecnología, MESCyT,
_c2010.
300 _a232 p. :
_bil., diagr. ;
_c29 cm.
504 _aBibliografía : p. 107-110
505 0 _aIntroducción --
_tLa formación docente en República Dominicana --
_tMetología para la realización del diagnóstivo --
_tOferta curricular --
_tOportunideades de aprendizaje --
_tConclusiones y recomendaciones
_tEstándares para la formación docente --
_tPolítica para el fortalecimiento de la formación docente --
590 _aInventariado, 2018/ YL
700 1 _aVincent, Minerva,
_ecoord.
_937433
700 1 _aMelo de Cardona, Ligia Amada,
_erev. cont.
_927174
740 2 _aDocumentos : plan reformulación de la formación docente.
999 _c47184
_d47184